| 000 | 00758nam a22002177a 4500 | ||
|---|---|---|---|
| 999 |
_c1393 _d1393 |
||
| 003 | AR-CdUCM | ||
| 008 | 190226b ||||| |||| 00| 0 spa d | ||
| 040 |
_aMUNICIPALIDAD PROVINCIAL DEL CUSCO _cBIBLIOTECA MUNICIPAL DEL CUSCO |
||
| 082 |
_22ed. _a291 / _bM12 |
||
| 100 |
_aMcgoey, John H. _95304 |
||
| 245 | _aLos pecados del justo en la vida religiosa / | ||
| 260 |
_aEspaña : _bSal terrae, _c1968. |
||
| 300 |
_a226 páginas ; _c21.5 cm. |
||
| 440 |
_aEspíritu y vida _n7 _95305 |
||
| 505 | _aLa esencia de la vida en Cristo -- El ciento por uno -- La verdad os hará libres -- Intrepidez -- Generosidad ... | ||
| 650 |
_aReligión _91195 |
||
| 650 |
_aComunidad _940 |
||
| 650 |
_aApostolado _93734 |
||
| 942 |
_2ddc _cLIBROS |
||
| 945 |
_aafb _d2019-02-26 |
||